Geography Quiz

Random Geography or City Quiz

Most Populous Cities Per State by Any 3 Letters Quiz Stats

Quiz Updated Jun 30, 2016

Challenge
Share
Tweet
Embed
Score 0/250 Timer 13:00
4 Plays Today
State City % Correct
CaliforniaLos Angeles
97.9%
New YorkNew York City
97.8%
TexasSan Antonio
97.7%
LouisianaNew Orleans
97.7%
CaliforniaSan Francisco
97.6%
CaliforniaSan Diego
97.2%
South CarolinaMount Pleasant
97.2%
DelawareNewark
96.7%
New JerseyNewark
96.7%
New MexicoSanta Fe
96.6%
South CarolinaNorth Charleston
96.6%
CaliforniaSan Jose
96.2%
ConnecticutNew Haven
96.2%
South CarolinaCharleston
96%
West VirginiaCharleston
96%
MaineSouth Portland
95.7%
TexasDallas
95.6%
NevadaNorth Las Vegas
95.5%
MassachusettsBoston
95.3%
ColoradoColorado Springs
95.2%
ColoradoFort Collins
95%
Rhode IslandEast Providence
95%
MainePortland
94.8%
OregonPortland
94.8%
OklahomaOklahoma City
94.7%
UtahSalt Lake City
94.5%
North CarolinaWinston-Salem
94.5%
DelawareWilmington
94.4%
GeorgiaAtlanta
94.4%
New HampshireManchester
94.3%
FloridaJacksonville
94%
AlabamaBirmingham
93.9%
TexasHouston
93.8%
MinnesotaBloomington
93.8%
VermontColchester
93.8%
FloridaOrlando
93.4%
OhioCleveland
93.3%
KansasKansas City
93.3%
MissouriKansas City
93.3%
ArkansasSpringdale
93.3%
VermontSouth Burlington
93%
Rhode IslandProvidence
92.5%
NevadaLas Vegas
92.4%
IllinoisChicago
92.2%
MissouriIndependence
92.1%
ConnecticutStamford
92.1%
New MexicoLas Cruces
92%
North CarolinaCharlotte
91.8%
IndianaIndianapolis
91.8%
FloridaSaint Petersburg
91.8%
KansasWichita
91.6%
PennsylvaniaPhiladelphia
91.6%
ConnecticutHartford
91.5%
TennesseeNashville
91.5%
WyomingRock Springs
91.3%
ColoradoDenver
91%
LouisianaBaton Rouge
90.9%
NebraskaLincoln
90.9%
North DakotaGrand Forks
90.9%
HawaiiHonolulu
90.8%
KansasOverland Park
90.5%
ArkansasLittle Rock
90.5%
MinnesotaMinneapolis
90.4%
MinnesotaRochester
90.3%
New YorkRochester
90.3%
VermontBurlington
90.3%
MississippiJackson
90.3%
NebraskaGrand Island
90.2%
KentuckyLouisville
90.2%
MarylandSilver Spring
90.1%
ArizonaPhoenix
89.7%
KentuckyBowling Green
89.5%
UtahWest Valley City
89.5%
IllinoisRockford
89.2%
MassachusettsSpringfield
88.9%
MissouriSpringfield
88.9%
VirginiaArlington
88.9%
KentuckyLexington
88.9%
ArizonaChandler
88.7%
MissouriSt. Louis
88.7%
IndianaHammond
88.6%
OhioColumbus
88.3%
GeorgiaColumbus
88.3%
WashingtonSeattle
88.1%
State City % Correct
MontanaBillings
87.7%
PennsylvaniaPittsburgh
87.7%
MarylandColumbia
87.6%
MissouriColumbia
87.6%
South CarolinaColumbia
87.6%
TexasFort Worth
87.6%
VirginiaRichmond
87.4%
FloridaMiami
87.3%
AlaskaAnchorage
86.9%
New JerseyJersey City
86.3%
VermontRutland
86.1%
WashingtonVancouver
86%
MinnesotaSaint Paul
86%
ConnecticutBridgeport
85.9%
West VirginiaHuntington
85.9%
MichiganLansing
85.9%
TennesseeMemphis
85.9%
ArkansasFort Smith
85.5%
IndianaFort Wayne
85.5%
IowaSioux City
85.2%
WisconsinMadison
85.1%
IowaDavenport
85%
LouisianaShreveport
84.9%
AlabamaMontgomery
84.9%
HawaiiPearl City
84.8%
New MexicoAlbuquerque
84.8%
MichiganDetroit
84.3%
MarylandBaltimore
83.9%
MontanaGreat Falls
83.7%
AlaskaJuneau
83.6%
IdahoBoise
83.6%
MichiganSterling Heights
83.6%
TennesseeKnoxville
83.5%
OklahomaNorman
83.3%
VermontBennington
83.2%
South DakotaRapid City
83.2%
OregonGresham
83.2%
MississippiGulfport
83.1%
TennesseeClarksville
83.1%
OregonSalem
83.1%
TennesseeChattanooga
82.9%
Rhode IslandCranston
82.7%
MaineLewiston
82.7%
New MexicoRio Rancho
82.6%
MichiganGrand Rapids
82.5%
KentuckyCovington
81.9%
ArizonaTucson
81.9%
AlabamaHuntsville
81.7%
ArizonaGlendale
81.7%
IndianaEvansville
81.6%
VirginiaChesapeake
81.3%
ArkansasFayetteville
81.2%
IllinoisNaperville
81.1%
OklahomaLawton
81%
West VirginiaWheeling
80.9%
North DakotaWest Fargo
80.5%
OhioCincinnati
80.3%
IowaDes Moines
80.2%
South CarolinaRock Hill
80%
WyomingCheyenne
79.8%
North CarolinaGreensboro
79.7%
North CarolinaRaleigh
79.3%
MarylandGermantown
78.8%
NevadaHenderson
78.5%
New YorkBuffalo
78.5%
DelawareDover
78.4%
New HampshireDover
78.4%
New JerseyPaterson
78.2%
TexasAustin
77.8%
WisconsinGreen Bay
77.7%
WisconsinRacine
77.6%
PennsylvaniaAllentown
77.2%
ConnecticutWaterbury
77%
South DakotaWatertown
76.5%
VirginiaNorfolk
76.4%
West VirginiaParkersburg
76.3%
WashingtonSpokane
76.3%
UtahWest Jordan
76.2%
GeorgiaSavannah
75.3%
IndianaSouth Bend
75.3%
VirginiaVirginia Beach
75.3%
MontanaMissoula
74.8%
WashingtonTacoma
74.7%
WisconsinMilwaukee
74.6%
State City % Correct
MichiganWarren
74.5%
West VirginiaMorgantown
74.3%
South DakotaSioux Falls
74.3%
MississippiSouthaven
74.2%
MassachusettsWorcester
73.6%
South DakotaBrookings
72.6%
FloridaTampa
72.4%
GeorgiaAugusta
71.3%
MississippiHattiesburg
71.2%
OregonHillsboro
71.1%
AlabamaMobile
71.1%
NebraskaOmaha
70.8%
New HampshireConcord
70.2%
IdahoIdaho Falls
69.8%
New HampshireDerry
69.6%
NevadaReno
69.5%
AlaskaFairbanks
69.4%
North DakotaMinot
69%
New JerseyEdison
69%
PennsylvaniaReading
67.8%
North CarolinaDurham
67.4%
North DakotaBismarck
66.9%
AlaskaBadger
66.8%
IowaWaterloo
64.5%
North DakotaFargo
62.8%
AlaskaEagle River
62.3%
DelawareMiddletown
62.3%
New HampshireNashua
60.8%
WyomingGillette
60.6%
UtahProvo
60.5%
OklahomaTulsa
60%
AlabamaTuscaloosa
59.6%
MaineAuburn
59.6%
OhioToledo
59%
MontanaBozeman
58.8%
OklahomaBroken Arrow
58.6%
GeorgiaAthens
57.6%
IowaCedar Rapids
57.6%
KansasTopeka
56.7%
New YorkSyracuse
56.3%
MassachusettsCambridge
56.2%
CaliforniaFresno
55.4%
NebraskaBellevue
55.2%
WashingtonBellevue
55.2%
OhioAkron
54.9%
ArkansasJonesboro
54.8%
MaineBangor
54.6%
ColoradoAurora
54.2%
IllinoisAurora
54.2%
IdahoMeridian
53.3%
Rhode IslandPawtucket
53.3%
NevadaParadise
52.3%
MississippiBiloxi
52.3%
KansasOlathe
51.9%
ArizonaMesa
51.3%
OregonEugene
51.1%
WyomingCasper
50.7%
KentuckyOwensboro
50.5%
DelawareBear
50.2%
Rhode IslandWarwick
48.6%
WyomingLaramie
48.3%
LouisianaLafayette
48.3%
IdahoPocatello
47.8%
HawaiiHilo
47.6%
New YorkYonkers
47.4%
WisconsinKenosha
46.8%
ColoradoLakewood
45.4%
MassachusettsLowell
45.3%
South DakotaAberdeen
44.2%
UtahOrem
43.8%
New JerseyElizabeth
42.8%
New MexicoRoswell
40.1%
MontanaButte
38.9%
PennsylvaniaErie
38.3%
MinnesotaDuluth
37.8%
IllinoisJoliet
35%
IdahoNampa
31.8%
LouisianaMetairie
30.7%
NebraskaKearney
28.2%
MarylandWaldorf
26.6%
HawaiiWaipahu
25.5%
HawaiiKailua
24.1%

You're not logged in!

Compare scores with friends on all Sporcle quizzes.
Join for Free
OR
Log In

You Might Also Like...

Show Comments

Extras

Top Quizzes Today


Score Distribution

Your Account Isn't Verified!

In order to create a playlist on Sporcle, you need to verify the email address you used during registration. Go to your Sporcle Settings to finish the process.

Report this User

Report this user for behavior that violates our Community Guidelines.

Details: